00920nam a22002297a 450000100060000000300080000600500170001400800410003103500190007204000350009104100080012608200260013410000270016024501650018726000700035230000360042250200760045850400320053465000540056670000350062070000350065582061BD-RjUL20231122104759.0231008s2013 bg a|||| m||| 00| 0 eng d a(BD-RjUL)82061 aBD-RjULbengcBD-RjULdBD-RjUL aeng 223a615.538bKHR 2013 aKhatoon, Rahima Akther10aThe role of ayurvedic medicine in the treatment of eczema. /cSubmitted By Rahima Akther Khatoon ;6Supervisor ; Gour, Pada Ghosh Co-Supervisor : Monira, Ahshan aRajshahi :bDepartment of Botany, University of Rajshahi, c2013. aix, 75 leaves :bill, ;c29.cm. aThesis (M. Phil.) -- Department of Botany, University of Rajshahi, 2013 aReferences : Leaves 70 - 75 aAyurvedic medicinevPharmacology and therapeutics aGhosh, Gour, Pada, Supervisor  aAhshan, Monira, Co-Supervisor